Detalles MARC
| 000 -CABECERA |
| campo de control de longitud fija |
01046nam a2200181 a 4500 |
| 001 - NÚMERO DE CONTROL |
| campo de control |
000037633 |
| 005 - FECHA Y HORA DE LA ÚLTIMA TRANSACCIÓN |
| campo de control |
20250909091242.0 |
| 008 - DATOS DE LONGITUD FIJA--INFORMACIÓN GENERAL |
| campo de control de longitud fija |
121010s1609 bl 000 0 spa d |
| 020 ## - NÚMERO INTERNACIONAL ESTÁNDAR DEL LIBRO |
| Número Internacional Estándar del Libro |
8472328910 |
| 040 ## - FUENTE DE LA CATALOGACIÓN |
| Centro catalogador/agencia de origen |
DO-SdBNP |
| Centro/agencia modificador |
spa |
| Centro/agencia transcriptor |
BNPHU |
| 100 1# - ENTRADA PRINCIPAL--NOMBRE DE PERSONA |
| Nombre de persona |
Vega, Inca Garcilaso de la |
| Fechas asociadas al nombre |
1539-1616 |
| 9 (RLIN) |
64105 |
| 245 10 - MENCIÓN DE TÍTULO |
| Título |
Primera parte de los comentarios reales : |
| Resto del título |
que tratan de el origen de los Incas, reyes que fueron del Peru, de su idolatria, leyes, y gobierno en paz y en guerra : de fus vidas y conquiftas, y de todo lo que fue aquel imperio y fu Republica, antes que los españoles paffaran a el. / |
| Mención de responsabilidad, etc. |
Escritos por el Inca Garcilaso de la Vega,natural del Cozco, y capitan de fu magetad, dirigidos a la serenissima princefa Doña Catalina de Portugar,duqueza de Barganca. |
| 260 ## - PUBLICACIÓN, DISTRIBUCIÓN, ETC. |
| Lugar de publicación, distribución, etc. |
Lisboa : |
| Nombre del editor, distribuidor, etc. |
oficina de Pedro Crasbeeck, |
| Fecha de publicación, distribución, etc. |
1609. |
| 300 ## - DESCRIPCIÓN FÍSICA |
| Extensión |
2v. ; |
| Dimensiones |
27 cm. |
| 500 ## - NOTA GENERAL |
| Nota general |
Reprod. facs. de la ed. princeps: Lisboa, oficina de Pedro Crasbeeck, 1609 |
| 500 ## - NOTA GENERAL |
| Nota general |
Textos a dos columnas |
| 710 2# - PUNTO DE ACCESO ADICIONAL--NOMBRE DE ENTIDAD CORPORATIVA |
| Nombre de entidad corporativa o nombre de jurisdicción como elemento de entrada |
Agencia Española de Cooperación Internacional |
| 9 (RLIN) |
34585 |